00782cam a2200229 a 450000100060000000300080000600500170001400800410003103500190007203500140009104000290010504100080013408200190014210000330016124500700019426001030026430000290036750400510039665000250044765100340047265100460050621704BD-RjUL20211209000722.0140305r19491947enkb b 001 0 eng d a(BD-RjUL)21769 a(BD-RjUL) aSUSAbengcSUSAdBD-RjUL aeng14a911.4219bPOH1 aPounds, Norman John Greville13aAn historical and political geography of Europe /cNorman Pounds. aLondon :bGeorge G. Harrap in association with Chanticleer Press, New York,c1947 [reprinted 1949] a540 p. :bmaps ;c21 cm. aIncludes bibliographical references and index. 0aGeopoliticszEurope. 0aEuropexHistorical geography. 0aEuropexPolitics and governmentxHistory.